00569nam a2200169Ia 4500008004100000020001800041041000800059082001400067100002300081245004100104260003900145300000900184500001000193650002400203999001700227952015500244220803s9999 xx 000 0 und d a9788131606223 aeng a711.4 BRI aBrito O Ed.925099 aUnderstanding Urban Poverty In India aNew DelhibRawat Publicationc2014 a218p aARCHI aUrban Design925100 c15955d15955 001040708Book of B ArchaBNCAbBNCAd2015-10-06eWord Bookg556.00l0o711.5 BRIpBNCA-BK-9551r2022-08-03 00:00:00v556.00w2015-09-30yBKzB09551